La expedición de los diez mil: Anábasis
Saved in:
| Main Author: | |
|---|---|
| Format: | Book |
| Language: | Spanish |
| Published: |
Buenos Aires, Argentina
Espasa-Calpe
1943
|
| Edition: | Tercera edición |
| Series: | Colección Austral,
79 |
| Subjects: | |
| Tags: |
Add Tag
No Tags, Be the first to tag this record!
|
MARC
| LEADER | 00000cam a2200000 a 4500 | ||
|---|---|---|---|
| 001 | UCG9787 | ||
| 003 | CL-VaPUC | ||
| 005 | 20210602001457.0 | ||
| 008 | 120330e19430000AG |||||||||||||||||spa|d | ||
| 999 | |c 347330 |d 347328 | ||
| 040 | |c Pontificia Universidad Católica de Valparaíso | ||
| 082 | 0 | 4 | |a 938 JEN 1943 |2 21 |
| 100 | |a Jenofonte |e author |9 335230 | ||
| 245 | 1 | 3 | |a La expedición de los diez mil: |b Anábasis |
| 250 | |a Tercera edición | ||
| 260 | |a Buenos Aires, Argentina |b Espasa-Calpe |c 1943 | ||
| 300 | |a 195 páginas | ||
| 490 | 0 | |a Colección Austral, |v 79 | |
| 583 | |a last modification |c 20120330 10:33:00 |k Rodrigo Vera | ||
| 650 | 0 | |a Historia antigua |z GRECIA |z SIRIA |9 267521 | |
| 650 | 7 | |a CULTURAS ANTIGUAS |2 CL-VaPUC |9 368814 | |
| 650 | 7 | |a INVASIONES |2 CL-VaPUC |9 392362 | |
| 651 | 0 | |a Grecia |9 265314 | |
| 651 | 7 | |a SIRIA |2 CL-VaPUC |9 368815 | |
| 942 | |c BK |2 ddc | ||
| 945 | |d 20120330 00:00:00 |a dcastane | ||
| 952 | |0 0 |1 0 |2 ddc |4 0 |6 938_000000000000000_JEN_1943 |7 0 |8 A |9 448588 |a BIBHIS |b BIBHIS |d 2019-11-22 |i 4794710 |l 1 |o 938 JEN 1943 |p 4794710 |r 2023-05-24 |s 2023-05-16 |t 1 |w 2019-11-22 |y BK |k HIS | ||